| 000 | 00690nam a22001577a 4500 | ||
|---|---|---|---|
| 003 | LK-CoDNM | ||
| 005 | 20240911102447.0 | ||
| 008 | 240828b |||||||| |||| 00| 0 eng d | ||
| 040 |
_aLK-CoDNM _dLK-CoDNM _eLK-CoDNM |
||
| 041 | _hSinhala,Tamil | ||
| 080 | _bGP1983 | ||
| 245 |
_aපළමුවැනි පාර්ලිමේන්තුව පාර්ලිමේන්තු ප්රකාශන මාලා 1985 පොදු ව්යපාර පිළිබද කාරක සභාව නිකුත් කළ 7 වැනි වාර්තාව _bඅංක 73 |
||
| 260 |
_aColombo _bGovernment printers _c1983 january 24 |
||
| 300 | _b38p. ; 24 cm | ||
| 942 | _cBK | ||
| 999 |
_c149596 _d149596 |
||